000 00222nam a22000857a 4500
999 _c11501
_d11501
008 190530b ||||| |||| 00| 0 eng d
020 _a9781576581483
100 _97218
_aBENGE J G
245 _aMARY SLESSOR FORWARD INTO CALABAR